| 000 | 00806nam a22001937a 4500 | ||
|---|---|---|---|
| 999 |
_c121220 _d121220 |
||
| 001 | K121220 | ||
| 008 | 160218b xxu||||| |||| 00| 0 eng d | ||
| 041 | _aeng | ||
| 110 |
_91742 _aKPMG |
||
| 245 |
_aKPMG Global Sustainability Institute _b(Pre-registration required) |
||
| 520 | _aThe KPMG Global Sustainability Institute enables professionals around the planet to tap into the latest sustainability news and views from KPMG. Pre-registration required. | ||
| 650 | _aValuetheplanet | ||
| 650 | _aResponsible business | ||
| 650 | _aESG | ||
| 651 | _aInternational | ||
| 690 |
_96271 _aSustainability |
||
| 856 |
_uhttps://home.kpmg/xx/en/home/services/advisory/risk-consulting/internal-audit-risk/sustainability-services/sustainability.html _zView at KPMG (Pre-registration required) |
||
| 942 | _n0 | ||